LEADER 01295nam--2200373---450- 001 990000468730203316 005 20100721170126.0 035 $a0046873 035 $aUSA010046873 035 $a(ALEPH)000046873USA01 035 $a0046873 100 $a20010525d1993----km-y0itay0103----ba 101 $aita 102 $aIT 105 $a||||||||001yy 200 1 $a<> provvedimenti d'urgenza nel nuovo processo civile$econ particolare riferimento, ambiente, locazioni,commercio, obbligazioni, contratti agrari$fMaurizio Bruno 210 $aRoma$cIanua$d1993 215 $a233 p.$d22 cm 225 2 $aInterventi per la pratica del diritto 410 $12001$aInterventi per la pratica del diritto 606 0 $aProvvedimenti d'urgenza$xDiritto processuale civile 676 $a347.4505 700 1$aBRUNO,$bMaurizio$0414773 801 0$aIT$bsalbc$gISBD 912 $a990000468730203316 951 $aXXVII.1.E. 120 (COLL. PRV 2)$b10171 G$cXXVII.1.E. 120 (COLL. PRV)$d00274082 959 $aBK 969 $aGIU 979 $aPATTY$b90$c20010525$lUSA01$h1003 979 $c20020403$lUSA01$h1655 979 $aPATRY$b90$c20040406$lUSA01$h1632 979 $aRSIAV4$b90$c20100721$lUSA01$h1701 996 $aProvvedimenti d'urgenza nel nuovo processo civile$9889158 997 $aUNISA LEADER 02820nam 2200625Ia 450 001 9910455327403321 005 20200520144314.0 010 $a1-135-23032-3 010 $a1-282-31558-7 010 $a9786612315589 010 $a0-203-87118-9 035 $a(CKB)1000000000799618 035 $a(EBL)453748 035 $a(OCoLC)466909602 035 $a(SSID)ssj0000340166 035 $a(PQKBManifestationID)12072349 035 $a(PQKBTitleCode)TC0000340166 035 $a(PQKBWorkID)10387115 035 $a(PQKB)10359869 035 $a(MiAaPQ)EBC453748 035 $a(Au-PeEL)EBL453748 035 $a(CaPaEBR)ebr10342007 035 $a(CaONFJC)MIL231558 035 $a(EXLCZ)991000000000799618 100 $a20090304d2009 uy 0 101 0 $aeng 135 $aur|n|---||||| 181 $ctxt 182 $cc 183 $acr 200 10$aMarriage in contemporary Japan$b[electronic resource] /$fYoko Tokuhiro 210 $aMilton Park, Abingdon, Oxon ;$aNew York $cRoutledge$d2009 215 $a1 online resource (175 p.) 225 1 $aRoutledge contemporary Japan series ;$v26 300 $aDescription based upon print version of record. 311 $a0-415-67370-4 311 $a0-415-44110-2 320 $aIncludes bibliographical references and index. 327 $aBook Cover; Title; Copyright; Contents; Acknowledgements; Explanatory note; Figures; Tables; Introduction; 1 Perceptions and expectations of marriage in Japan; 2 The impact of feminist discourses on marriage and fertility; 3 Male gender roles and masculinity; 4 Gender roles: The roles of wife and mother; 5 Changes in courtship practices; 6 Beyond Japan: Crossnational comparisons; Conclusion; Appendices; Notes; Bibliography; Index 330 $aThe phenomenon of bankonka - 'postponement of marriage' - is increasingly reported in contemporary Japanese media, clearly illustrating the changing patterns of modern lifestyles and attitudes towards marriage, personal obligation and ambition. This is the first book in recent years to explore the contemporary state of marriage in Japanese society. Setting out the different perceptions and expectations of marriage in today's Japan, the book discusses how economic issues and the family impact on marital behaviour. Contrary to the views of some feminists that young women have no inte 410 0$aRoutledge contemporary Japan series ;$v26. 606 $aMarriage$zJapan 606 $aSex role$zJapan 608 $aElectronic books. 615 0$aMarriage 615 0$aSex role 676 $a306.810952 700 $aTokuhiro$b Yoko$0964572 801 0$bMiAaPQ 801 1$bMiAaPQ 801 2$bMiAaPQ 906 $aBOOK 912 $a9910455327403321 996 $aMarriage in contemporary Japan$92188517 997 $aUNINA LEADER 02755nam 2200457 450 001 9910817388403321 005 20230809235408.0 010 $a3-8325-9183-4 035 $a(CKB)4910000000017322 035 $a(MiAaPQ)EBC5850395 035 $a5a8e86ab-ba2c-4839-84da-66c5b0dd2d03 035 $a(EXLCZ)994910000000017322 100 $a20191014d2017 uy 0 101 0 $ager 135 $aurcnu|||||||| 181 $ctxt$2rdacontent 182 $cc$2rdamedia 183 $acr$2rdacarrier 200 10$aBildung in Bewegung $eEin Pla?doyer Fu?r ein Ganzheitliches Bildungsversta?ndnis Unter Besonderer Beru?cksichtigung der Physischen Dimension Von Bildung Im Anschluss an das Projekt Vorschu?ler in Bewegung /$fAxel Horn, Peter Basic 210 1$aBerlin :$cLogos Verlag,$d[2017] 210 4$d©2017 215 $a1 online resource (214 pages) 225 1 $aBewegung, Spiel, Sport,$x1866-1653 ;$vBand 11 300 $aPublicationDate: 20170420 311 $a3-8325-4455-0 330 $aLong description: Viele, die sich tagtäglich für Erziehung und Bildung junger Menschen engagieren oder künftig engagieren wollen, hat ein ungutes Gefühl beschlichen. Die Zweifel nehmen zu, ob es in den bildungspolitischen Änderungen der letzten beiden Jahrzehnte überhaupt noch um Bildung geht. Hat sich Bildung mit dem gegenwärtigen ökonomisierten Bildungsverständnis erübrigt? Selbstverständlich kann man den klassisch-traditionellen Bildungsbegriff nicht einfach in die heutige Zeit übertragen. Geht man jedoch davon aus, dass die Vorstellung von Bildung mit der Idee des Humanen, des menschlichen Menschen, einer demokratischen Gesellschaft usw. untrennbar verknüpft ist, gilt es Bildung neu zu denken. Dies wird hier in einem ganzheitlichen Zugang unternommen. Die lange geltende kognitive Verengung der Bildungsvorstellung wird mit anderen Bildungsdimensionen, der ästhetischen, emotionalen, ethischen, sozialen, v.a. aber der physischen, ergänzt. Es ist an der Zeit, die Leiblichkeit des Menschen ernst zu nehmen, sich -- wenn es letztlich der Sinn von Bildung ist, zu einem gelingenden Leben beizutragen -- auch um Körper-Bildung zu kümmern. Und ihr entsprechend Raum in unseren staatlichen Bildungsinstitutionen zu geben. 410 0$aMovement, play, sport ;$vBand 11. 606 $aHolistic education 606 $aEducation$xMoral and ethical aspects 615 0$aHolistic education. 615 0$aEducation$xMoral and ethical aspects. 676 $a370.112 700 $aHorn$b Axel$01657889 702 $aBasic$b Peter 801 0$bMiAaPQ 801 1$bMiAaPQ 801 2$bMiAaPQ 906 $aBOOK 912 $a9910817388403321 996 $aBildung in Bewegung$94011586 997 $aUNINA